Le Hobbit - Le roman - Statistiques

Statistiques générales
  • Ce quiz a été pris 618 fois
  • Le résultat moyen est 14 sur 17
Statistiques - réponses
Question Réponse % Correct
Magicien qui entraîne le hobbit dans cette aventure. Gandalf
98%
Balin, Dwalin, Fili, Kili, Dori, Nori, Ori, Oïn, Gloïn, Bifur, Bofur et Bombur sont tous des ___ Nains
98%
Hobbit qui se retrouve malgré lui entraîné dans une aventure hors du commun. Bilbon Sacquet
97%
Qui a écrit ce livre ? J.R.R. Tolkien
97%
Objet qui confère au hobbit la faculté de devenir invisible, lui permettant d'échapper au personnage précédent. L'Anneau unique
95%
Suite du roman, où on suit les aventures de Frodon. Le Seigneur des anneaux
93%
Antagoniste principal, un dragon qui garde un trésor volé sur une montagne. Smaug
90%
Créature qui soumet le hobbit à un jeu d’énigmes dans le but de le capturer. Gollum
89%
A quel sous-genre de la science fiction appartient ce roman ? Fantasy
87%
Continent fictif, théâtre des récits de cet auteur. La Terre du Milieu
86%
D'ailleurs leur meneur en est aussi un, et il est surnommé "Écu-de-chêne". Thorïn
82%
Bataille finale dans laquelle nains, elfes et hommes s'unissent pour combattre une armée de Gobelins et de Wargs. Bataille des {Cinq} {Armées}
80%
Réalisateur néo-zélandais qui a adapté le roman en une série de trois films. Peter Jackson
70%
Nom de cette montagne où est gardé le trésor. La Montagne Solitaire
69%
Semi-elfe qui aide le groupe à déchiffrer la carte du trésor du dragon et les inscriptions runiques des épées. Elrond
58%
Après lui avoir échappé, le groupe arrive à la demeure de cet homme qui a la faculté de se transformer en ours. Beorn
49%
Roi des Gobelins, dont la mort lors de la bataille démoralise ses troupes et permet aux nains, aux elfes et aux hommes de l'emporter. Bolg
17%
Aucun quiz correspondant
Distribution des résultats
% des personnes avec chaque résultat
Percentile par nombre de réponses
Votre historique - résultats
Vous n’avez pas pris ce quiz